000 01522nam a2200349 c 4500
003 BLK
005 20180422095856.0
008 180407b bul|||||r ||||||| ||bul||
010 _aKNG00032376000
020 _a954-8150-72-7
_bиздат.: Сиби - на том(кн. 2)
040 _aBLK
041 _aBUL
_cBUL
080 _aСоциално право
_b349.3
_x:368(497.2)(042.3)
_z349.3:368(497.2)(042.3)
100 1 _aСредкова, Красимира
_eпърви автор
_9248842
700 1 _aИванова, Красимира Средкова
_e*
_9366461
139 _aСредкова, Красимира
_bС 60
245 1 0 _aЛекции по осигурително право
_bКн. 1 -
_cКрасимира Средкова; * Красимира Средкова Иванова.
_nКн. 2
_pОсигурени социални рискове
257 _aBGR
260 София
_c1997 -
300 _c20 см
380 _a3
500 _aПълното име на авт. е Красимира Средкова Иванова. - Офс. изд.
650 4 _aОсигурително право
_9264693
653 _aосигурително право
653 _aБългария
760 1 _3- на том(кн. 2)
_aСредкова, Красимира
_dСиби, 1997
_h124 с.
_tКн. 2 Осигурени социални рискове
852 _aЦб 194935
856 4 _qpdf
_u
856 4 _qpdf
_u
942 _cKNG
_n0
944 _aCR
_c31.03.2003
_kКети_Илиева
944 _aED
_c05.08.2005
_k
999 _c29751
_d29751